000 00650nam a2200277Ia 4500
005 20260324143655.0
008 008 260324s9999 xx 000 0 eng d
020 _a9780203057896
037 _aEBOOK
040 _aCRL
040 _beng
040 _cCRL
041 _2eng
041 _aeng
084 _qCRL
100 _aLinda S Katz
_91185922
245 0 _aEvaluating Acquisitions and Collection Management
260 _bTaylor and Francis
260 _c1991
365 _a
365 _b145
856 _uhttp://www.taylorfrancis.com/books/9780203057896
942 _cEBOOK
999 _c1822186
_d1822186